| 000 | 00555nam a2200181Ia 4500 | ||
|---|---|---|---|
| 008 | 090630s9999 xx 000 0 und d | ||
| 082 | _b15420 | ||
| 100 | _aमराठे सुधा. | ||
| 245 |
_aप्रीतगंध. _cमराठे सुधा. |
||
| 260 |
_bराज - पुणे. _c1997 |
||
| 300 | _a112 | ||
| 600 | _aमराठे सुधा. | ||
| 630 | _aप्रीतगंध. | ||
| 655 | _aकादंबरी. | ||
| 700 | _aमराठे सुधा. | ||
| 730 | _aप्रीतगंध. | ||
| 942 | _cBOOK | ||
| 999 |
_c267276 _d267276 |
||